000 00556nam a2200181Ia 4500
005 20250508151221.0
008 008 250505s9999 xx 000 0 eng d
037 _aTextual
040 _aFEDL
_beng
_cFEDL
041 _aeng
_2eng
084 _a372.5, BUR
_qFEDL
100 _aBurrows Alvina Treut.(et.al).
_9758659
245 0 _aThey all want to write : Wrinting english in the elementary school
260 _aNew York, USA
_bPrentice - Hall, Inc
_c1952
300 _axvi,240p
942 _cTEXL
_h372.5, BUR
999 _c1328273
_d1328273